00320nam a2200097Ia 4500008004100000050002100041245007600062260003800138300001400176650003200190151021s9999 xx 000 0 und d aHC 865.K47 2013  a_Kisumu County Development Profile ministry of devolution and planning  aNairobi Government Printers 2013  axv,146p.  a_County mission and vision